Physics; principles and insights / (Record no. 181466)

000 -LEADER
fixed length control field 00717 a2200205 4500
003 - CONTROL NUMBER IDENTIFIER
control field NUST
005 - DATE AND TIME OF LATEST TRANSACTION
control field 20221128125751.0
010 ## - LIBRARY OF CONGRESS CONTROL NUMBER
LC control number 72007329
020 ## - INTERNATIONAL STANDARD BOOK NUMBER
International Standard Book Number 0070219389
040 ## - CATALOGING SOURCE
Transcribing agency Nust
082 00 - DEWEY DECIMAL CLASSIFICATION NUMBER
Classification number 530,FRE
100 1# - MAIN ENTRY--PERSONAL NAME
Personal name Freeman, Ira Maximilian
9 (RLIN) 103674
245 10 - TITLE STATEMENT
Title Physics; principles and insights /
Statement of responsibility, etc. Ira M. Freeman.
250 ## - EDITION STATEMENT
Edition statement 2nd ed.
260 ## - PUBLICATION, DISTRIBUTION, ETC.
Place of publication, distribution, etc. New York,
Name of publisher, distributor, etc. McGraw-Hill
Date of publication, distribution, etc. [1973]
300 ## - PHYSICAL DESCRIPTION
Extent ix, 656 p.:
Other physical details illus.
Dimensions 25 cm.
505 ## - FORMATTED CONTENTS NOTE
Formatted contents note Part-1: Space , Matter, and Motion (Page-3), Part-2: Dynamics and Energy (Page-119), Part-3: Wave Phenomena (Page-277), Part-4: Electricity (Page-371), Part-5: The Fundamental Structure of Matter (Page-495).
650 #0 - SUBJECT ADDED ENTRY--TOPICAL TERM
Topical term or geographic name entry element Physics.
942 ## - ADDED ENTRY ELEMENTS (KOHA)
Source of classification or shelving scheme
Koha item type Book
Call number prefix 530,FRE
Holdings
Withdrawn status Lost status Source of classification or shelving scheme Damaged status Not for loan Permanent Location Current Location Shelving location Date acquired Full call number Barcode Date last seen Price effective from Koha item type Public note
          Military College of Signals (MCS) Military College of Signals (MCS) General Stacks 12/12/2016 530,FRE MCS6061 12/08/2016 12/12/2016 Book Almirah No.15, Shelf No.2
          Military College of Signals (MCS) Military College of Signals (MCS) General Stacks 12/12/2016 530,FRE MCS6347 12/08/2016 12/12/2016 Book Almirah No.15, Shelf No.2
© 2023 Central Library, National University of Sciences and Technology. All Rights Reserved.